Hradec Králové - Menší Tábor.

Uložené v:
Podrobná bibliografia
Hlavný autor: Michl, Karel, 1898-1982
Médium: Kniha
Jazyk:Czech
Vydané: Hradec Králové : Krajský dům osvěty, 1959.
Fyzický popis: 16 strán + obrazová príloha.
Tagy: Pridať tag
Žiadne tagy, Buďte prvý kto otaguje tento záznam!

MARC

LEADER 00000nam a22000002i 4500
001 000695708
005 20230405093340.0
008 230405s1959 xr e 000 0 cze d
020 |c Kčs 36,00  |q (viazané) 
040 |a SVKKK  |b slo  |c SVKKK  |e rda 
100 1 |a Michl, Karel,  |d 1898-1982 
245 1 0 |a Hradec Králové - Menší Tábor. 
264 1 |a Hradec Králové :  |b Krajský dům osvěty,  |c 1959. 
300 |a 16 strán + obrazová príloha. 
336 |a text  |b txt  |2 rdacontent 
337 |a bez média  |b n  |2 rdamedia 
338 |a zväzok  |b nc  |2 rdacarrier 
500 |a Záznam revízie 
910 |a svkkk 
998 |a BK 
090 |g SCKHL  |k Sklad Pribinova 3. posch.  |a V.18101  |j 180384  |i 2720837999  |s Prezenčne 
090 |g SCKHL  |k Sklad Pribinova 3. posch.  |a V.25536  |j 176985  |i 2721002301  |4 Strata  |s Vyradená